Представление документа в формате MARC21

Поле Инд. ПП Название Значение
Тип записи a
Библиографический уровень m
001 Контрольный номер 0a9590649d0e43aaa8bef47e7140085e
005 Дата корректировки 20260602143836.3
020 a ISBN 978-5-534-17868-5
097 b Оператор *Ж*
097 b Оператор *Мал*
100 1_ a Автор Гаврилов Л.П.
245 00 a Заглавие Организация коммерческой деятельности
b Продолж. заглавия электронная коммерция
b Продолж. заглавия учебник и практикум для среднего профессионального образования
b Продолж. заглавия в составе учебно-методического комплекса
250 a Основные сведения об издании 6-е изд., перераб. и доп.
260 00 a Место издания Москва
b Издательство Юрайт
c Дата издания 2025
300 a Объем 579 с.
440 _0 a Серия Профессиональное образование
440 _0 a Серия УМК-У
516 8_ a Прим. о типе комп. файла/ данных Дата обращения 22.01.2026
a Прим. о типе комп. файла/ данных Текст : электронный
a Прим. о типе комп. файла/ данных Режим доступа: по подписке
520 0_ a Аннотация Электронная коммерция является динамично развивающейся отраслью отечественной экономики. Она базируется на передовых достижениях в проведении коммерческих сделок, стандартизации, совершенствовании правовой базы, инновационных информационных технологиях. В результате этого наблюдается непрерывный рост рынка электронной коммерции как в мировом масштабе, так и в России. В настоящем издании излагаются фундаментальные разделы курса с учетом современного состояния технологий, в первую очередь используемых в электронной коммерции информационных технологий, технологий ведения бизнеса, социальных технологий. Для закрепления теоретической части курса приведены практические работы.
535 1_ a Хранилище Образовательная платформа Юрайт
583 a Действие Приписка : УМК
653 0_ a Ключевые слова Коммерческая деятельность
a Ключевые слова Электронная коммерция
a Ключевые слова Торговые площадки
a Ключевые слова Социальная коммерция
a Ключевые слова Интернет-маркетинг
a Ключевые слова Мобильная коммерция
a Ключевые слова Обмен данными
a Ключевые слова СПО
655 a Жанр/ форма (устаревшее) У
773 18 w Контрольный № источника b5fb05cb535147f18c17786cfba9a058
856 40 u URL https://urait.ru/bcode/586776
901 t Тип документа m
905 b Дата создания записи обработка 05.03.26
c Дата приписки 02.06.26
952 b Гриф литературы для ВШ Гриф УМО
a Тип литературы для КСУ ВШ У1
952 e Факультет *ФУСК*
990 c Приоритет заказа (DOS) *о*
f Даты поступлений (DOS) 24.02.26
g Размещение заказа (DOS) Образовательная платформа Юрайт
j Количество экземпляров (DOS) 1